Central Library OPAC University of Rajshahi
Normal view MARC view

Entry Topical Term

Number of records used in: 2

001 - CONTROL NUMBER

  • control field: 6922

003 - CONTROL NUMBER IDENTIFIER

  • control field: BD-RjUL

005 - DATE AND TIME OF LATEST TRANSACTION

  • control field: 20230209101004.0

008 - FIXED-LENGTH DATA ELEMENTS

  • fixed length control field: 230209|| aca||aabn | a|a d

040 ## - CATALOGING SOURCE

  • Original cataloging agency: BD-RjUL
  • Transcribing agency: BD-RjUL

150 ## - HEADING--TOPICAL TERM

  • Topical term or geographic name entry element: English Poetry
  • General subdivision: History and biography

670 ## - SOURCE DATA FOUND

  • Source citation: Work cat.: (BD-RjUL)81198: Islam, Jahurul 6920, A CRITICAL, ANNOTATED EDITION OF WILLIAM BARKSTED'S MIRRHA, THE MOTHER OF ADONIS(1607) AND HIREN OR THE FAIRE GREEKE (1611 :, 1994